00791nam a22002177a 4500003000500000005001700005008004100022010001000063011001000073035001000083040000900093100003200102245015200134260004000286300001000326502012100336650002700457650002400484650003100508650003400539CHAP20250903062742.0971013s1994 r 00010 d a15775 a16747 a20829 cCHAP00aGonzález Pascual, Ismael. aDeterminación de los coeficientes de digestibilidad aparente de forraje en dos especies de Atripex (Atripex canescens y A. acanthocarpa en ovinos aBermejillo, Dgo. :bEl autor,c1994 a57 h. aTesis (Ing. Agr. Esp. en Zonas Aridas con orientación en Sistemas Pecuarios) -- UACH. Departamento de Zonas Aridas14aAtriplex acanthocarpa.14aAtriplex canescens.17aForrajesxDigestibilidad214aGanado lanarxAlimentación.